Twarzą w twarz - stany USA - Statystyki

Ogólne statystyki
  • Ten quiz został rozwiązany 155 razy
    101 od ostatniego zresetowania
  • Średni wynik to 8 z 15
Statystyki odpowiedzi
Zagadnienie Odpowiedź % Poprawnych
Który stan posiada większą maksymalną wysokość?
80%
Który stan posiada większą powierzchnię lądową?
75%
W którym stanie odnotowano najgorętszą temperaturę w historii?
70%
Który stan posiada dłuższą granicę z Kanadą?
65%
Który stan organizował Igrzyska Olimpijskie?
60%
Który stan jest bardziej otyły?
55%
W którym stanie mieszka większy procent populacji katolickiej?
55%
Który stan został przyjęty do Unii jako pierwszy?
55%
W którym stanie imigranci stanowią większy procent?
55%
Który stan posiada większą populację?
50%
Który stan jest położony dalej na północ?
45%
Który stan w ostatnich czterech wyborach prezydenckich bardziej skłaniało się ku Partii Demokratycznej?
35%
Który stan może się pochwalić dłuższą średnią długością życia?
35%
Który stan ma wyższy wskaźnik bezdomności, czyli ludzi bez dachu nad głową?
30%
Który stan przyjmuje więcej ludzi z zagranicy?
25%
Nie znaleziono quizów pasujących do podanych kryteriów
Rozkład punktacji
Procent ludzi z każdym wynikiem
Percentyl według liczby udzielonych odpowiedzi
Twoja historia wyników
Nie rozwiązałeś tego quizu od ostatniego zresetowania